[Event "Moscow Open F Women"]
[Site "Moscow RUS"]
[Date "2011.01.31"]
[Round "3.14"]
[White "Sviridova,Vlada"]
[Black "Travkina,A"]
[Result "0-1"]
[WhiteElo "2052"]
[BlackElo "2189"]

1.Nf3 d5 2.c4 c6 3.d4 e6 4.e3 Nf6 5.Nc3 Nbd7 6.Qc2 Bd6 7.b3 O-O 8.Bb2 e5
9.dxe5 Nxe5 10.Nxe5 Bxe5 11.O-O-O Qa5 12.Bd3 b5 13.c5 Re8 14.Kb1 b4 15.Na4 Ba6
16.Bxa6 Qxa6 17.Bxe5 Rxe5 18.Qd3 Qa5 19.f3 Rae8 20.Rhe1 Qc7 21.Qd4 a5 22.g4 h5
23.h3 h4 24.Rd3 Nh7 25.Qb2 R5e6 26.Qg2 Qg3 27.Qxg3 hxg3 28.h4 g2 29.Rg1 Rxe3
30.Rxe3 Rxe3 31.Rxg2 Rxf3 32.Nb6 Nf6 33.Nc8 Re3 34.g5 Nd7 35.Na7 Ne5 36.h5 Rh3
37.Re2 f6 38.g6 Kf8 39.Nc8 Rxh5 40.Nd6 Rh6 41.a4 bxa3 42.Ka2 Rxg6 43.Kxa3 Rg1
44.b4 axb4+ 45.Kxb4 Rc1 46.Ka5 Rxc5+ 47.Kb6 Rc1 48.Kc7 d4 49.Rh2 Kg8 50.Rg2 d3
51.Ne4 f5 52.Nd6 Rc2 53.Rg1 d2 54.Nxf5 Rc1 55.Rxg7+ Kf8 56.Re7 Ng6 57.Rg7 Rg1
58.Rd7 d1=Q 59.Nd4 Nf4 60.Kc8 c5 61.Rd8+ Kf7 62.Rd7+ Kg6 63.Rd6+ Kh5  0-1

[Event "Moscow Open E"]
[Site "Moscow RUS"]
[Date "2011.01.31"]
[Round "3"]
[White "Matlakov,M"]
[Black "Pogosian,M"]
[Result "1-0"]
[WhiteElo "2616"]
[BlackElo "2391"]

1.d4 d5 2.Nf3 c6 3.c4 Nf6 4.Nc3 e6 5.e3 Nbd7 6.Qc2 Bd6 7.Bd3 Qe7 8.O-O O-O
9.h3 Re8 10.c5 Bc7 11.e4 dxe4 12.Nxe4 Nxe4 13.Bxe4 Nf6 14.Bg5 h6 15.Bh4 e5
16.dxe5 g5 17.Bg3 Nxe4 18.Qxe4 Qxc5 19.h4 f5 20.Qd3 Qe7 21.hxg5 hxg5 22.Nd4 f4
23.Qg6+ Kh8 24.Qh5+ Kg7 25.e6 Rf8 26.Bh2 Be5 27.Rad1 c5 28.Nf3 Bf6 29.Bxf4 gxf4
30.Qg4+ Kh8 31.Rfe1 a5 32.Ne5 Rg8 33.Qxf4 Rg7 34.Nf7+ Rxf7 35.exf7 Qxf7 36.Rd8+ Kh7
37.Qh2+ Kg6 38.Qg3+ Kh6 39.Rxc8 Rxc8 40.Qh3+ Kg5 41.Qxc8 Bd4 42.Re2  1-0

[Event "Moscow Open F Women"]
[Site "Moscow RUS"]
[Date "2011.01.31"]
[Round "3.22"]
[White "Nebolsina,V"]
[Black "Trapeznikova,D"]
[Result "1-0"]
[WhiteElo "2388"]
[BlackElo "1991"]

1.d4 d5 2.c4 c6 3.Nc3 Nf6 4.e3 e6 5.Nf3 Nbd7 6.Bd3 dxc4 7.Bxc4 b5 8.Bd3 b4
9.Ne4 Nxe4 10.Bxe4 Bb7 11.a3 bxa3 12.O-O Bd6 13.Nd2 O-O 14.b3 f5 15.Bf3 Qc7
16.g3 c5 17.Bxa3 Bxf3 18.Nxf3 Qb6 19.Ng5 Be7 20.dxc5 Nxc5 21.Bxc5 Bxc5 22.Qd7 Rf6
23.Nf3 Rd8 24.Qa4 Rd5 25.Rfd1 Bxe3 26.Rxd5 Bxf2+ 27.Kg2 exd5 28.Qd7 Rf8 29.Qxd5+ Kh8
30.Ne5 Qf6 31.Kxf2 f4 32.g4 Qb6+ 33.Kf1 Qc7 34.Re1 g6 35.Nd7 Rd8 36.Rd1 a6
37.Qd4+ Kg8 38.Nf6+  1-0

[Event "Gibraltar Masters"]
[Site "Caleta ENG"]
[Date "2011.02.01"]
[Round "8.10"]
[White "Kulaots,K"]
[Black "Georgiev,Ki"]
[Result "1/2-1/2"]
[WhiteElo "2577"]
[BlackElo "2669"]

1.d4 d5 2.c4 c6 3.Nf3 Nf6 4.Nc3 e6 5.e3 Nbd7 6.Qc2 Bd6 7.Bd3 O-O 8.O-O dxc4
9.Bxc4 b5 10.Be2 Bb7 11.Rd1 Qc7 12.Bd2 a6 13.b4 e5 14.Bd3 Rfe8 15.Ne4 Nxe4
16.Bxe4 Nf6 17.dxe5 Nxe4 18.Qxe4 Bxe5 19.Nxe5 c5 20.Qf4 Qxe5 21.Qxe5 Rxe5
22.bxc5 Rxc5 23.Rac1 Rxc1 24.Rxc1 Rc8 25.Rxc8+ Bxc8 26.e4 Be6 27.a3 f6 28.f3 Kf7
29.Kf2 h5 30.g3 Bb3 31.Ke3 g6  1/2-1/2

[Event "Moscow Open F Women"]
[Site "Moscow RUS"]
[Date "2011.02.02"]
[Round "5.7"]
[White "Nebolsina,V"]
[Black "Shulakova,S"]
[Result "1-0"]
[WhiteElo "2388"]
[BlackElo "2180"]

1.d4 d5 2.c4 c6 3.Nc3 Nf6 4.e3 e6 5.Nf3 Nbd7 6.Bd3 dxc4 7.Bxc4 b5 8.Bd3 Bb7
9.O-O b4 10.Ne4 Be7 11.a3 a5 12.axb4 axb4 13.Rxa8 Qxa8 14.Nxf6+ Nxf6 15.e4 O-O
16.Bg5 h6 17.Bh4 Qd8 18.Qe2 Nd7 19.Bg3 c5 20.Rd1 cxd4 21.Nxd4 Nc5 22.Bb1 Qb6
23.Bf4 Rd8 24.Be3 Qa6 25.Qg4 h5 26.Qxh5 Bxe4 27.Bxe4 Nxe4 28.Qf3 Nf6 29.Rc1 Rc8
30.Nc6 Bf8 31.h4 Nd5 32.Ne5 Rxc1+ 33.Bxc1 Qa7 34.h5 Qc7 35.Nd3 f5 36.g3 Bd6
37.Bd2 Qf7 38.Qe2 Kh7 39.Ne1 Nf6 40.Nf3 Ne4 41.Qxe4 fxe4 42.Ng5+ Kg8 43.Nxf7 Kxf7
44.b3 Bc5 45.Kf1 Kf6 46.Ke2 Kf5 47.f3 exf3+ 48.Kxf3 Ke5 49.g4 Be7 50.Bc1 Kd5
51.g5 e5 52.g6 Bf6 53.Bd2 Kd4 54.Ke2 Ke4 55.h6 gxh6 56.Bxh6 Kd4 57.Kd2 e4
58.g7 e3+ 59.Bxe3+  1-0

[Event "Moscow Open E"]
[Site "Moscow RUS"]
[Date "2011.02.02"]
[Round "5"]
[White "Zhou Weiqi"]
[Black "Sveshnikov,E"]
[Result "1-0"]
[WhiteElo "2573"]
[BlackElo "2521"]

1.d4 d5 2.c4 e6 3.Nf3 Nf6 4.Nc3 c6 5.e3 Nbd7 6.Qc2 b6 7.cxd5 cxd5 8.Nb5 Bb4+
9.Bd2 Bxd2+ 10.Nxd2 O-O 11.Rc1 Ba6 12.Qa4 Bxb5 13.Bxb5 a6 14.Bd3 b5 15.Qa3 Qb8
16.O-O Rc8 17.Nb3 Nb6 18.Rxc8+ Qxc8 19.Nc5 Nc4 20.Qc3 a5 21.Rc1 Nd6 22.f3 Qd8
23.b3 b4 24.Qa1 Nfe8 25.Rc2 Qg5 26.Qc1 e5 27.e4 Qxc1+ 28.Rxc1 dxe4 29.Nxe4 exd4
30.Nxd6 Nxd6 31.Rc6 Ne8 32.Rc4 Rd8 33.Rc5 Nf6 34.Rxa5 g6 35.Kf2 Nd5 36.Ke1 Nf4
37.Bf1 d3 38.Kd1 d2 39.g3 Ne6 40.Bc4 Nd4 41.Rd5 Rxd5 42.Bxd5 Nb5 43.Kxd2 Nc3
44.a4 Nxd5 45.Kd3 Kf8 46.Kc4 Ne3+ 47.Kxb4 Ke7 48.Kc5 Kd7 49.a5 Nf1 50.Kb6 Kc8
51.a6 Kb8 52.b4 Nd2 53.b5 Nc4+ 54.Kc5 Nd2 55.f4 Ka7 56.g4 Nb3+ 57.Kc4 Nd2+
58.Kc5 Nb3+ 59.Kd5 f5 60.gxf5 gxf5 61.Ke5 Nd2 62.Kxf5 Nf3 63.h3 Nd4+ 64.Ke5 Nxb5
65.f5 Nc7 66.f6 Nxa6 67.Ke4  1-0

[Event "Moscow Open F Women"]
[Site "Moscow RUS"]
[Date "2011.02.02"]
[Round "5.19"]
[White "Gorozhankina,J"]
[Black "Doluhanova,E"]
[Result "1-0"]
[WhiteElo "2088"]
[BlackElo "2267"]

1.d4 d5 2.Nf3 Nf6 3.c4 e6 4.Nc3 c6 5.e3 Nbd7 6.Qc2 Bd6 7.b3 O-O 8.Be2 b6
9.O-O Bb7 10.Bb2 Rc8 11.Rad1 Qe7 12.e4 e5 13.dxe5 Nxe5 14.exd5 cxd5 15.Nb5 Ng6
16.Nxd6 Qxd6 17.Qd2 Rfd8 18.cxd5 Qxd5 19.Bxf6 Qxd2 20.Rxd2 Rxd2 21.Nxd2 gxf6
22.Nc4 Nf4 23.Bf3 Ba6 24.g3 Ne6 25.Bd5 Nc7 26.Bf3 Nb5 27.Rd1 Rc7 28.Ne3 Kf8
29.Nf5 Ke8 30.a4 Nc3 31.Rd6 Bc8 32.Rxf6 Be6 33.Nd4 Nd5 34.Rh6 Rc3 35.Kg2 Nc7
36.Nxe6 Nxe6 37.Bd5 Nf8 38.Rc6 Rxc6 39.Bxc6+ Ke7 40.Bd5 f6 41.Kf3 Kd6 42.Bc4 Ng6
43.Ke4 Ne5 44.f4 Nd7 45.Kf5 Ke7 46.h4 Nc5 47.Bd5 a6 48.Bc4 b5 49.axb5 axb5
50.Bd5 Kd6 51.Bg8 Ke7 52.g4 h6 53.Kg6 Nd3 54.f5 Ne5+ 55.Kxh6 Nxg4+ 56.Kg7 Ne3
57.Be6 Ng2 58.h5 Nf4 59.h6  1-0

[Event "Moscow Open E"]
[Site "Moscow RUS"]
[Date "2011.02.02"]
[Round "5"]
[White "Airapetian,G"]
[Black "Yakovich,Yur"]
[Result "0-1"]
[WhiteElo "2442"]
[BlackElo "2547"]

1.c4 e6 2.Nf3 d5 3.d4 Nf6 4.Nc3 c6 5.e3 Nbd7 6.Qc2 Bd6 7.Bd3 O-O 8.O-O dxc4
9.Bxc4 b5 10.Bd3 Bb7 11.a3 Rc8 12.b4 a5 13.Rb1 axb4 14.axb4 Qe7 15.e4 e5
16.Ne2 Rfe8 17.Bg5 h6 18.Bh4 exd4 19.Nexd4 c5 20.Nf5 Qe6 21.Nxd6 Qxd6 22.bxc5 Rxc5
23.Qd1 Bxe4 24.Bxe4 Qxd1 25.Rfxd1 Rxe4 26.Bg3 b4 27.Kf1 Rd5 28.Re1 Nc5 29.Rxe4 Nfxe4
30.Bf4 b3 31.g3 Nc3 32.Rb2 N3a4 33.Rb1 b2 34.Bd2 Ne4 35.Be1 Rc5 36.Bd2 Rc2
37.Ke1 Nxd2 38.Nxd2 Rc1+ 39.Ke2 Nc3+  0-1

[Event "Gibraltar Masters"]
[Site "Caleta ENG"]
[Date "2011.02.03"]
[Round "10.17"]
[White "Bellaiche,A"]
[Black "Buhmann,R"]
[Result "1/2-1/2"]
[WhiteElo "2458"]
[BlackElo "2572"]

1.d4 d5 2.c4 c6 3.Nc3 Nf6 4.e3 e6 5.Nf3 Nbd7 6.Bd3 dxc4 7.Bxc4 b5 8.Bd3 a6
9.e4 c5 10.d5 c4 11.Bc2 Qc7 12.O-O Bc5 13.Qe2 e5 14.Nh4 O-O 15.Qf3 Re8 16.Nf5 Kh8
17.Bg5 Ng8 18.Rad1 f6 19.Bc1 Nb6 20.d6 Qc6 21.Be3 Be6 22.Nd5 Bxf5 23.Bxc5 Qxc5
24.Nxb6 Bg4 25.Qxg4 Qxb6 26.b3 Rad8 27.d7 Re7 28.bxc4 Qc6 29.Rd5 Rexd7 30.cxb5 axb5
31.Bb3 Ne7 32.Rxd7 Rxd7 33.g3 Rd4 34.Qh5 Ng6 35.Bd5 Qc5 36.Qh3 Nf8 37.Qf5 Rd2
38.h4 b4 39.Qf3 Nd7 40.Qf5 Nf8 41.h5 Rc2 42.h6 Rc1 43.Rxc1 Qxc1+ 44.Kg2 Qc7
45.Bb3 Qd7 46.Qf3 Ng6 47.Qe2 Qc8 48.Qc4 Qxc4 49.hxg7+  1/2-1/2

[Event "Moscow Open F Women"]
[Site "Moscow RUS"]
[Date "2011.02.03"]
[Round "6.36"]
[White "Ivanova,Karina"]
[Black "Yakupova,A"]
[Result "0-1"]
[WhiteElo "1865"]
[BlackElo "2132"]

1.d4 d5 2.c4 e6 3.Nf3 c6 4.Nc3 Nf6 5.e3 Nbd7 6.Bd3 dxc4 7.Bxc4 b5 8.Bd3 a6
9.O-O c5 10.b3 Bb7 11.Bb2 Be7 12.a4 b4 13.Nb1 O-O 14.Nbd2 cxd4 15.Nxd4 Nc5
16.Bc4 Qc7 17.N2f3 Rfd8 18.Qe2 Nfe4 19.Rac1 Bf6 20.Rfd1 Qb6 21.Qe1 Nd6 22.Qf1 Nxc4
23.Qxc4 Rac8 24.Qe2 e5 25.Nf5 Nxb3 26.Rxc8 Bxc8 27.e4 Rxd1+ 28.Qxd1 Bxf5
29.Qxb3 Be6 30.Qd1 Bg4 31.h3 Bxf3 32.Qxf3 Qc6 33.Qf5 g6 34.Qf3 Qc2 35.Qxf6 Qxb2
36.Qxa6 Qc3 37.Qb5 b3 38.a5 b2 39.Kh2 Qc1 40.Qe8+ Kg7 41.Qxe5+ Kh6 42.f4 b1=Q
43.Qg5+ Kg7 44.Qe5+ Kf8 45.Qh8+ Ke7 46.Qe5+ Kd7 47.Qd5+ Kc8 48.Qa8+ Qb8 49.Qa6+ Qb7
50.Qd6 Qbc7 51.Qa6+ Kb8 52.Qb5+ Ka7 53.Qb6+ Qxb6 54.axb6+ Kxb6 55.Kg3 Qe3+
56.Kg4 Qxe4 57.g3 h6 58.h4 f6 59.Kh3 Qh1+ 60.Kg4 h5+  0-1

[Event "Moscow Open E"]
[Site "Moscow RUS"]
[Date "2011.02.03"]
[Round "6"]
[White "Lou Yiping"]
[Black "Matlakov,M"]
[Result "0-1"]
[WhiteElo "2429"]
[BlackElo "2616"]

1.Nf3 d5 2.d4 Nf6 3.c4 c6 4.Nc3 e6 5.e3 Nbd7 6.Bd3 dxc4 7.Bxc4 b5 8.Bd3 Bd6
9.Nd2 Bb7 10.a4 b4 11.Nce4 Be7 12.Qc2 O-O 13.Nxf6+ Nxf6 14.Ne4 c5 15.Nxf6+ Bxf6
16.Qxc5 Bxg2 17.Rg1 Bd5 18.e4 Rc8 19.Qxb4 Bc4 20.Bxc4 Qxd4 21.Be3 Qxc4 22.Qxc4 Rxc4
23.b3 Rxe4 24.Rd1 Be5 25.h3 Bf4 26.Rg4 g5 27.Kf1 f5 28.Rxf4 gxf4 29.Bxa7 Rc8
30.Rd3 e5 31.a5 Rc1+ 32.Kg2 Ree1 33.Rd8+ Kf7 34.Bb8 e4  0-1

[Event "Moscow Open D University Women"]
[Site "Moscow RUS"]
[Date "2011.02.03"]
[Round "6.10"]
[White "Bulatkhanova,B"]
[Black "Dibirova,U"]
[Result "1/2-1/2"]
[WhiteElo "1978"]
[BlackElo "1871"]

1.c4 c6 2.d4 d5 3.Nc3 Nf6 4.e3 e6 5.Nf3 Nbd7 6.Qc2 Bd6 7.Bd3 O-O 8.O-O dxc4
9.Bxc4 b5 10.Bd3 a6 11.e4 e5 12.Bg5 exd4 13.Nxd4 c5 14.Nf3 Bb7 15.Rad1 Qb8
16.Rfe1 Ne5 17.Nxe5 Bxe5 18.Bxf6 gxf6 19.Nd5 c4 20.Be2 Bxh2+ 21.Kh1 Bxd5
22.Rxd5 Be5 23.Red1 Qb6 24.Bf3 Rfd8 25.g3 Rxd5 26.Rxd5 Rd8 27.Kg2 Rxd5 28.exd5 Qd4
29.b3 cxb3 30.axb3 Qc3 31.Qxc3 Bxc3 32.Be2 Kf8 33.Bd3 Ke7 34.Bxh7 Kd6 35.Bg8 Kxd5
36.Bxf7+ Kc5 37.f4 a5 38.g4 a4 39.bxa4 bxa4 40.g5 fxg5 41.fxg5  1/2-1/2

[Event "Moscow Open F Women"]
[Site "Moscow RUS"]
[Date "2011.02.03"]
[Round "6.38"]
[White "Trapeznikova,D"]
[Black "Semenova,A"]
[Result "1-0"]
[WhiteElo "1991"]
[BlackElo "1870"]

1.Nf3 Nf6 2.c4 c6 3.d4 d5 4.Nc3 e6 5.e3 Nbd7 6.Bd3 dxc4 7.Bxc4 Nb6 8.Bd3 Be7
9.O-O O-O 10.Qe2 Nbd7 11.Rd1 b5 12.a4 b4 13.Ne4 a5 14.Qc2 Qb6 15.Ne5 Bb7
16.Ng5 Nxe5 17.Bxh7+ Kh8 18.dxe5 Ng4 19.Rd4 Nxe5 20.Rh4 g6 21.Bxg6+ Kg7 22.Rh7+ Kg8
23.Bxf7+ Rxf7 24.Nxf7 Qc5 25.Nh6+ Kf8 26.Qxc5 Bxc5 27.Rxb7  1-0

[Event "Schachbundesliga 2010-11"]
[Site "Remagen GER"]
[Date "2011.02.04"]
[Round "7"]
[White "Seel,C"]
[Black "Ragger,M"]
[Result "1/2-1/2"]
[WhiteElo "2483"]
[BlackElo "2628"]

1.Nf3 d5 2.d4 Nf6 3.c4 e6 4.Nc3 c6 5.e3 a6 6.b3 Bb4 7.Bd2 O-O 8.Bd3 Bd6 9.O-O c5
10.dxc5 Bxc5 11.Qc2 Nc6 12.a3 Bd6 13.Rfd1 Qe7 14.b4 dxc4 15.Bxc4 b5 16.Bd3 Bb7
17.Ne4 Nxe4 18.Bxe4 Rac8 19.Bxh7+ Kh8 20.Be4 f5 21.Bxc6 Bxc6 22.Qb2 Bxf3
23.gxf3 Rf6 24.Rac1 Rxc1 25.Bxc1 Rh6 26.e4 Bxh2+ 27.Kf1 Rg6 28.Qd4 Rg1+ 29.Ke2 Rxd1
30.Kxd1 Bc7 31.Ke2 Kh7 32.Bb2 Bb8 33.Kf1 Qc7 34.exf5 exf5 35.Qd5 Qc2 36.Qf7 Qxb2
37.Qh5+ Kg8 38.Qe8+ Kh7  1/2-1/2

[Event "TCh-CAT Div Hon"]
[Site "Barcelona ESP"]
[Date "2011.02.05"]
[Round "2"]
[White "Tebar Moreno,J"]
[Black "Obon Temprano,S"]
[Result "0-1"]
[WhiteElo "2157"]
[BlackElo "2264"]

1.d4 d5 2.Nf3 Nf6 3.c4 c6 4.Nc3 e6 5.e3 Nbd7 6.Qc2 Bd6 7.Be2 O-O 8.O-O dxc4
9.Bxc4 e5 10.Rd1 Qe7 11.Bd3 Re8 12.Bc4 exd4 13.exd4 h6 14.Bd2 Nf8 15.h3 Be6
16.Bd3 Qc7 17.Rac1 Nd5 18.Nxd5 Bxd5 19.Nh4 Ne6 20.Nf5 Nf4 21.Nxd6 Qxd6 22.Bxf4 Qxf4
23.a3 Qg5 24.Bf1 Re6 25.Qd2 Qxd2 26.Rxd2 Rae8 27.f3 Kf8 28.Kf2 Rd8 29.Re1 Ke7
30.Re3 Kd6 31.Rxe6+ Bxe6 32.Ke3 Bf5 33.Bc4 Re8+ 34.Kf2 Re7 35.h4 Be6 36.Bd3 Kd5
37.Bb1 Kd6 38.g3 Bd5 39.Bf5 g6 40.Bc2 Re6 41.f4 Bc4 42.Bd1 Bd5 43.Bg4 Re7
44.Bd1 f6 45.Re2 Be4 46.Bb3 f5 47.Re3 b6 48.Bc4 Rd7 49.g4 Rg7 50.g5 hxg5
51.hxg5 Rh7 52.Kg3 c5 53.dxc5+ Kxc5 54.Rc3 Kd6 55.Bb3 Re7 56.Bg8 Bc6 57.Rd3+ Kc7
58.b4 Rg7 59.Bb3 Be4 60.Rc3+ Kd6 61.Rc8 Bc6 62.Rf8 Ke7 63.Rc8 Kd6 64.Rd8+ Bd7
65.Rf8 Re7 66.Bf7 Re3+ 67.Kf2 Re4 68.Kg3 Ke7  0-1

[Event "TCh-CAT Div Hon"]
[Site "Barcelona ESP"]
[Date "2011.02.05"]
[Round "2"]
[White "Aloma Vidal,R"]
[Black "Alonso Rosell,A"]
[Result "1/2-1/2"]
[WhiteElo "2434"]
[BlackElo "2477"]

1.d4 d5 2.c4 c6 3.Nf3 Nf6 4.Nc3 e6 5.e3 Nbd7 6.Bd3 dxc4 7.Bxc4 b5 8.Bd3 Bd6
9.O-O O-O 10.Ng5 Bb7 11.a3 a5 12.Bd2 Be7 13.Qc2 h6 14.Nh7 Nxh7 15.Bxh7+ Kh8
16.Be4 Qb6 17.Rfc1 c5 18.dxc5 Nxc5 19.Bxb7 Qxb7 20.b4 axb4 21.axb4 Rxa1 22.Rxa1 Na6
23.Ra5 Bxb4 24.Rxb5 Qd7 25.Rb6 Rd8 26.Be1 Qd3 27.Qxd3 Rxd3 28.Kf1 Bxc3 29.Bxc3 Rxc3
30.Rxa6 Rc1+ 31.Ke2 Kh7 32.Kf3 g5 33.g4 Rg1 34.h3 Kg6 35.Ra8 Kg7 36.Ra6 Kg6
37.Ra8 Kg7 38.Ra6  1/2-1/2

[Event "1st Open"]
[Site "Cento ITA"]
[Date "2011.02.05"]
[Round "1"]
[White "Martinez,Gui"]
[Black "Borgo,G"]
[Result "0-1"]
[WhiteElo "1926"]
[BlackElo "2401"]

1.d4 d5 2.Nf3 Nf6 3.c4 e6 4.Nc3 c6 5.e3 Nbd7 6.Qc2 b6 7.cxd5 exd5 8.Bd3 Be7
9.O-O O-O 10.e4 dxe4 11.Nxe4 Bb7 12.Re1 Rc8 13.Nc3 c5 14.dxc5 Bxf3 15.gxf3 Rxc5
16.Be3 Rh5 17.Bf4 Bb4 18.Bg3 Nc5 19.Bf1 Nd5 20.Red1 Bxc3 21.bxc3 Qf6 22.c4 Nf4
23.Qd2 Rf5 24.Qd4 Qg6 25.Kh1 h5 26.h4 Qc6 27.Qc3 Nce6 28.Re1 g5 29.Kh2 gxh4
30.Bxh4 Ng6 31.Bg3 h4 32.Be5 Qc5 33.f4 Qxf2+ 34.Kh1 Nexf4 35.Bxf4 Nxf4 36.Re5 Nh5  0-1

[Event "ch-TUR"]
[Site "Kemer-Antalya TUR"]
[Date "2011.02.05"]
[Round "1"]
[White "Secer,A"]
[Black "Oney,Ri"]
[Result "1-0"]
[WhiteElo "2346"]
[BlackElo "1958"]

1.d4 d5 2.c4 c6 3.Nc3 Nf6 4.Nf3 e6 5.e3 Nbd7 6.Qc2 Bd6 7.g4 Nxg4 8.Rg1 Ngf6
9.Rxg7 Kf8 10.Rg2 Rg8 11.Rxg8+ Kxg8 12.Bd2 e5 13.dxe5 Nxe5 14.Nxe5 Bxe5 15.O-O-O Be6
16.f4 Bd6 17.e4 dxe4 18.Nxe4 Bf5 19.Bd3 Nxe4 20.Bxe4 Bxe4 21.Qxe4 Qf6 22.Rg1+ Kf8
23.Qxh7 Ke7 24.Qd3 Rh8 25.h3 Kf8 26.Kc2  1-0

[Event "Moscow Open F Women"]
[Site "Moscow RUS"]
[Date "2011.02.05"]
[Round "8.39"]
[White "Ivanova,Karina"]
[Black "Sviridova,Vlada"]
[Result "1/2-1/2"]
[WhiteElo "1865"]
[BlackElo "2052"]

1.d4 d5 2.c4 c6 3.Nf3 Nf6 4.Nc3 e6 5.e3 Nbd7 6.Qc2 Bd6 7.b3 O-O 8.Be2 Qe7
9.Bb2 b6 10.O-O Bb7 11.Rad1 a6 12.Rfe1 c5 13.cxd5 exd5 14.Bf1 Rfe8 15.Qf5 Qe6
16.Qxe6 fxe6 17.g3 e5 18.dxe5 Nxe5 19.Bg2 Rad8 20.Na4 Nxf3+ 21.Bxf3 Bc7 22.Bxf6 gxf6
23.Nc3 d4 24.Bxb7 dxc3 25.Bxa6 Kh8 26.a4 Be5 27.Bb5 Rf8 28.Rc1 f5 29.Red1 Rd2
30.Rxd2 cxd2 31.Rd1 Rd8 32.Kg2 Kg7 33.Kf3 Kf6 34.Ke2 Bc3 35.Bd3 Kg5 36.h3 h5
37.f4+ Kf6 38.Bc2 Rg8 39.Kf3 Rg7 40.Rg1 Rd7 41.Ke2 Rg7 42.Kf2 Rh7 43.Kg2 Re7
44.Kf3 Rxe3+ 45.Kxe3 Bd4+ 46.Kxd2 Bxg1 47.Ke2 Bd4  1/2-1/2

[Event "Schachbundesliga 2010-11"]
[Site "Mulheim GER"]
[Date "2011.02.05"]
[Round "8"]
[White "Markos,J"]
[Black "Negi,P"]
[Result "1/2-1/2"]
[WhiteElo "2566"]
[BlackElo "2596"]

1.Nf3 d5 2.c4 e6 3.d4 Nf6 4.Nc3 c6 5.e3 Nbd7 6.Qc2 Bd6 7.Be2 dxc4 8.Bxc4 b5
9.Bd3 Bb7 10.Bd2 a5 11.e4 e5 12.dxe5 Bxe5 13.Nxe5 Nxe5 14.Be2 O-O 15.Be3 Ned7
16.f3 Qe7 17.Nd1 b4 18.O-O c5 19.Rc1 Rac8 20.b3 a4 21.Nb2 axb3 22.axb3 Nd5
23.Bd2 Nc7 24.Rfd1 Ne6 25.Be3 Ne5 26.Nc4 Nd4 27.Bxd4 cxd4 28.Qd2 Nxc4 29.Rxc4 Rxc4
30.Bxc4 Rd8 31.Bd5 Bxd5 32.Qxd4 Qc7 33.exd5 Qc2 34.Qd3 Qxd3 35.Rxd3 Kf8 36.d6 Ke8
37.Rd4 Rb8 38.d7+ Kd8 39.Kf2 Ra8 40.f4 Ra2+ 41.Kf3 Rb2 42.Rxb4 Kxd7 43.Rd4+ Ke6
44.Re4+ Kd5 45.Re7 h5 46.Rxf7 Rxb3+ 47.Kf2 Ke4 48.h4 g6 49.Rf6 Rb2+ 50.Kg3 Rb3+
51.Kh2 Rb8 52.Rxg6 Kxf4 53.Rg5 Rh8 54.Kg1 Rb8 55.Kh2 Rh8 56.g3+ Kf3 57.Rf5+ Ke4
58.Ra5 Kf3 59.Kh3 Rh6 60.Re5 Rh8 61.Re7 Rh6 62.Rf7+ Ke4 63.g4 hxg4+ 64.Kxg4 Rg6+
65.Kh5 Rg1 66.Kh6 Ke5 67.h5 Ke6 68.Rg7 Rh1 69.Kg6 Rg1+ 70.Kh7 Rh1 71.h6 Kf6
72.Ra7 Rh2 73.Ra3 Rg2 74.Rf3+ Ke7 75.Kh8 Rg1 76.Ra3 Kf7 77.Ra7+ Kf8 78.Rg7 Rh1
79.h7 Rh2 80.Rg1 Rf2 81.Rf1  1/2-1/2

[Event "33rd Bulgarian Open"]
[Site "Plovdiv BUL"]
[Date "2011.02.05"]
[Round "8.15"]
[White "Grigorov,G"]
[Black "Ivanov,Bor BUL"]
[Result "1-0"]
[WhiteElo "2498"]
[BlackElo "2201"]

1.d4 d5 2.c4 c6 3.Nc3 Nf6 4.e3 e6 5.Nf3 Nbd7 6.Qc2 Bd6 7.Bd3 O-O 8.O-O dxc4
9.Bxc4 b5 10.Be2 Bb7 11.Rd1 Qb8 12.e4 e5 13.g3 Re8 14.dxe5 Nxe5 15.Bg5 Nxf3+
16.Bxf3 Be5 17.Rd2 a6 18.Rad1 c5 19.Bxf6 Bxf6 20.Nd5 Bxd5 21.Rxd5 c4 22.Kg2 Ra7
23.Bg4 Rae7 24.Bd7 Rd8 25.f4 Qc7 26.Bg4 Rxd5 27.Rxd5 Re8 28.e5 Be7 29.Qe4 Rd8
30.e6 fxe6 31.Bxe6+ Kh8 32.Rh5 g6 33.Qxg6 Bb4  1-0

[Event "FSGM February"]
[Site "Budapest HUN"]
[Date "2011.02.06"]
[Round "2"]
[White "Kosic,D"]
[Black "Gonda,L"]
[Result "1/2-1/2"]
[WhiteElo "2464"]
[BlackElo "2555"]

1.d4 Nf6 2.Nf3 d5 3.c4 e6 4.Nc3 c6 5.e3 Nbd7 6.Qc2 Bd6 7.b3 O-O 8.Be2 dxc4
9.bxc4 e5 10.O-O Re8 11.Rd1 Qe7  1/2-1/2

[Event "Schachbundesliga 2010-11"]
[Site "Eppingen GER"]
[Date "2011.02.06"]
[Round "9"]
[White "Ruck,R1"]
[Black "Wichmann,C"]
[Result "1/2-1/2"]
[WhiteElo "2555"]
[BlackElo "2341"]

1.c4 e6 2.Nf3 d5 3.d4 Nf6 4.Nc3 c6 5.e3 Nbd7 6.Qc2 Bd6 7.b3 O-O 8.Be2 e5
9.Bb2 dxc4 10.bxc4 exd4 11.Nxd4 Qa5 12.Rd1 Ba3 13.Ba1 Ne5 14.O-O Re8 15.e4 Be6
16.Nxe6 Rxe6 17.Qb3 Ned7 18.Bf3 Rae8 19.Rfe1 b6 20.Qa4 Bb4  1/2-1/2

[Event "ch-TUR"]
[Site "Kemer-Antalya TUR"]
[Date "2011.02.06"]
[Round "2"]
[White "Sadik,Resat"]
[Black "Ali Marandi,C"]
[Result "0-1"]
[WhiteElo "1981"]
[BlackElo "2180"]

1.d4 d5 2.c4 c6 3.e3 Nf6 4.Nc3 e6 5.Nf3 Nbd7 6.b3 Bb4 7.Qc2 Ne4 8.Bd2 Nxd2
9.Nxd2 Nf6 10.Bd3 c5 11.dxc5 d4 12.exd4 Qxd4 13.Rc1 Qe5+ 14.Be2 O-O 15.Nf3 Qxc5
16.O-O Bd7 17.Ne4 Nxe4 18.Qxe4 Bc6 19.Qe5 Rad8 20.Qxc5 Bxc5 21.Rcd1 f6 22.Rxd8 Rxd8
23.Rd1 Rxd1+ 24.Bxd1 e5 25.Kf1 Kf7 26.Ne1 Ke6 27.Nd3 Be7 28.g3 e4 29.Ne1 Ke5
30.Nc2 f5 31.Ke1 g5 32.b4 Ba4 33.c5 f4 34.Kd2 Kd5 35.a3 Bd8 36.Be2 b6 37.cxb6 Bxb6
38.f3 e3+ 39.Kc3 Ke5 40.g4 Bd7 41.h3 h5 42.b5 hxg4 43.hxg4 Ba5+ 44.Kc4 Be6+
45.Kd3 Kd5 46.Na1 Bf7 47.Kc2 Bg6+ 48.Kb3 Kc5 49.Kb2 Bd8 50.Nb3+ Kd5 51.Kc3 Bf6+
52.Kb4 Be7+ 53.Kc3 Bxa3 54.Na5 Be8 55.Bc4+ Kc5 56.Nb3+ Kb6 57.Nd4 Be7 58.Nf5 Bf8
59.Kd3 Bxb5 60.Bxb5 Kxb5 61.Nd4+ Kb6 62.Kc4 a5 63.Kb3 Bg7 64.Nc2 Kc5 65.Ne1 Kb5
66.Ka2 Kc4 67.Kb1 Bc3 68.Nc2 e2  0-1

[Event "Moscow Open F Women"]
[Site "Moscow RUS"]
[Date "2011.02.06"]
[Round "9.38"]
[White "Sviridova,Vlada"]
[Black "Mestnikova,T"]
[Result "1-0"]
[WhiteElo "2052"]
[BlackElo "1852"]

1.c4 c6 2.d4 d5 3.Nf3 Nf6 4.Nc3 e6 5.e3 Be7 6.Bd3 dxc4 7.Bxc4 O-O 8.O-O Nbd7
9.Qc2 Nb6 10.Bd3 Nbd5 11.a3 h6 12.e4 Nxc3 13.Qxc3 Qc7 14.h3 b6 15.b4 Bb7
16.Bb2 Qf4 17.e5 Ne4 18.Qc2 Ng5 19.Nxg5 Bxg5 20.g3 Qf3 21.Be4 Qh5 22.f4 Be7
23.Kh2 Ba6 24.Bf3 Qg6 25.Qxg6 fxg6 26.Rfc1 g5 27.Bxc6 Rad8 28.b5 Bc8 29.Rf1 gxf4
30.gxf4 a6 31.a4 Bd7 32.Bxd7 Rxd7 33.a5 Rd5 34.bxa6 bxa5 35.Bc3 Ra8 36.Bxa5 Rxa6
37.Bc3 Rc6 38.Rf3 Rd8 39.Ra7 Bh4 40.Rb7 Ra8 41.Rb3 Ra2+ 42.Kg1 Rc2 43.Bb2 Kh7
44.Ba3 R6c4 45.Rbd3 Ra2 46.Rd1 Rcc2 47.d5 exd5 48.f5 Rg2+ 49.Kf1 Rh2 50.Bc5 Rhe2
51.f6 gxf6 52.exf6 Rh2 53.f7 Rh1+ 54.Bg1 Be7 55.f8=Q Bxf8 56.Rxf8 d4 57.Rf3 Kg6
58.Rg3+ Kf5 59.Rxd4 Ra1+ 60.Kf2 Ra2+ 61.Kf3 Ke5 62.Re4+ Kf5 63.Rf4+ Ke5 64.Rh4 Ra3+
65.Be3 Rb1 66.Rh5+ Ke6 67.Rxh6+ Kf7 68.Rd6 Re1 69.Kf4 Ke7 70.Rd4 Ra6 71.Kg4 Ke6
72.Bf4 Ra8 73.Re3+ Rxe3 74.Bxe3 Ke5 75.Rb4 Ra2 76.Bf4+ Ke6 77.Rb5 Rg2+ 78.Bg3 Kf6
79.Rb6+ Kg7 80.h4 Kh7 81.h5 Rg1 82.h6 Rd1 83.Bf4 Rd7 84.Rc6 Rb7 85.Kh5 Rb5+
86.Bg5 Rd5 87.Rc7+ Kg8 88.Kg6  1-0

[Event "Moscow Open F Women"]
[Site "Moscow RUS"]
[Date "2011.02.06"]
[Round "9"]
[White "Turova,I"]
[Black "Mirzoeva,E"]
[Result "1/2-1/2"]
[WhiteElo "2434"]
[BlackElo "2216"]

1.d4 d5 2.c4 c6 3.Nc3 Nf6 4.e3 e6 5.Nf3 Nbd7 6.Bd3 dxc4 7.Bxc4 b5 8.Bd3 Bd6
9.a4 b4 10.Ne4 Nxe4 11.Bxe4 Bb7 12.a5 Rc8 13.O-O O-O 14.a6 Ba8 15.Nd2 c5
16.Bb7 Rb8 17.Nc4 Bc7 18.Bxa8 Rxa8 19.b3 Qf6 20.Bb2 Rfd8 21.Qc2 cxd4 22.Bxd4 e5
23.Bb2 Qe6 24.e4 Rac8 25.Rfd1 Nc5 26.Rxd8+ Bxd8 27.Rd1 Be7 28.Rd5 f6 29.Ne3 Qxa6
30.Nf5 Bf8 31.Qd1 Nxe4 32.Qg4 g6 33.h4 Nc3 34.Rd7 Re8 35.h5 Qe2 36.f3 Qe1+
37.Kh2 Ne2 38.Qc4+ Kh8 39.Rxh7+ Kxh7 40.Qf7+ Kh8 41.Qxf6+ Kg8 42.Qxg6+ Kh8
43.Bxe5+ Rxe5 44.Qf6+ Kg8 45.Qg6+  1/2-1/2

[Event "75th ch-BUL Semi-Final"]
[Site "Plovdiv BUL"]
[Date "2011.02.07"]
[Round "1"]
[White "Ivanov,Lj"]
[Black "Ivanov,Bor BUL"]
[Result "1-0"]
[WhiteElo "1964"]
[BlackElo "2201"]

1.d4 d5 2.c4 c6 3.Nf3 Nf6 4.e3 e6 5.Nc3 Nbd7 6.Bd3 dxc4 7.Bxc4 b5 8.Bd3 Bb7
9.O-O a6 10.e4 c5 11.e5 cxd4 12.Nxb5 Bxf3 13.Qxf3 Nxe5 14.Qxa8 Qxa8 15.Nc7+ Kd7
16.Nxa8 Nxd3 17.Rd1 Nxc1 18.Rxd4+ Nd5 19.Rxc1 Bd6 20.Rxd5 exd5 21.Nb6+ Ke6
22.Re1+ Kf5 23.Nxd5 Rc8 24.h3 Kg6 25.Nc3 Ba3 26.Nd5 Bc5 27.Kf1 Rd8 28.Rd1 Kg5
29.b4 Ba7 30.a4 Rc8 31.b5 axb5 32.axb5 Rb8 33.f4+ Kh4 34.Rb1 Bc5 35.Rb3 Ra8
36.Ne3 Bxe3 37.Rxe3 Ra1+ 38.Re1 Ra4 39.Rb1 Rxf4+ 40.Kg1 Rd4 41.b6 Rd8 42.b7 Rb8
43.Rb5 f5 44.Kf2 g5 45.Rb4+ f4 46.g3+ Kh5 47.h4 Kg6 48.Rb6+ Kf7 49.gxf4 gxf4
50.Kf3 Ke7 51.Kxf4 Kd7 52.Rh6 Rh8 53.Rxh7+  1-0

[Event "ch-TUR"]
[Site "Kemer-Antalya TUR"]
[Date "2011.02.08"]
[Round "5"]
[White "Capan,Ferman"]
[Black "Giris,Ruchan"]
[Result "1-0"]
[WhiteElo "1972"]
[BlackElo "1709"]

1.d4 d5 2.c4 e6 3.e3 Nf6 4.Nc3 c6 5.Nf3 Nbd7 6.cxd5 exd5 7.Bd3 Bd6 8.O-O O-O
9.Re1 c5 10.e4 dxe4 11.Nxe4 Nxe4 12.Bxe4 h6 13.Bc2 Nf6 14.Be3 c4 15.h3 Nd5
16.Ne5 Nxe3 17.Rxe3 Bxe5 18.dxe5 Be6 19.Qf3 Qb6 20.Qe4 g6 21.Rg3 Bf5 22.Qxf5  1-0